000 00989nam a22003257a 4500
001 BR8803888
003 BR-BrBNA
005 20230928092946.0
007 ta
008 230509b bl.||||| |||| 00| 0 por d
040 _aBR-BrBNA
_bpor
_cBiblioteca Nacional de Agricultura
041 _a(Por)
072 _aF04
_b0336
_b3801
_b3866
090 _ 0336 BR8803888
100 1 _aVitti, G.C.
100 1 _aFornasieri Filho, D.
100 1 _aPedroso, P.A.C.
100 1 _aCastro, R.S.A.
245 1 _aFertilizante com molibdenio e cobalto na cultura da soja
246 1 _a[Fertilizers with molybdenun and cobalt on soybeans cultivation]
260 3 _aSao Paulo, SP (Brasil):
_c[nd].
300 _a7 p.
500 _a14 ref.; Summaries (Eng, Por); Reprint of Revista Brasileira de Ciencia do Solo no. 8; Published after 1984
650 _aSOJA
650 _aFERTILIZANTE
650 _aMOLIBDENIO
650 _aCOBALTO
909 _a202309
_bLucia
_c55
_dLucia Elande
942 _cBK
999 _c42216
_d42216